| 000 | 00657nam a2200229Ia 4500 | ||
|---|---|---|---|
| 008 | 200601s9999 xx 000 0 und d | ||
| 020 | _a978-1-5264-0410-7 | ||
| 050 | _aComSc HM 741 | ||
| 050 | _b.B67 2018 | ||
| 100 | _aBorgatti, Stephen P. | ||
| 245 | 0 | _aAnalyzing social networks / | |
| 245 | 0 | _cStephen P. Borgatti, Martin G. Everett, Jeffrey C. Johnson. | |
| 250 | _a2nd Edition | ||
| 260 | _aLos Angeles : | ||
| 260 | _bSage, | ||
| 260 | _c2018 | ||
| 300 | _a363 pages : | ||
| 300 | _c25 cm. | ||
| 500 | _aIncludes bibliographical references and index. | ||
| 650 | _aSocial networks. | ||
| 650 | _xSocial sciences -- Network analysis. | ||
| 999 |
_c363147 _d363147 |
||